Methoden der organischer Chemie (Houben-Weyl) Band VI/1c Phenole Teilband 2

Guardado en:
Detalles Bibliográficos
Otros Autores: Müller, Eugen 1905-1976 (Editor)
Formato: Libro
Lenguaje:alemán
Publicado: Stuttgart G.Thieme Verlag 1976
Edición:4. völlig neu gestaltete Aufl.
Materias:
Acceso en línea:Ver en el OPAC
Etiquetas: Agregar Etiqueta
Sin Etiquetas, Sea el primero en etiquetar este registro!

MARC

LEADER 00000nam a2200000 a 4500
005 20260127134153.0
008 091126 1976 gw 000 0 ger d
020 |a 3132042048 
035 |a vtls010025216 
039 9 |y 200911260949  |z mschk03 
040 |a STUSCHK1  |b slo  |c STUSCHK1  |e AACR2 
080 |a 547 
245 1 |a Methoden der organischer Chemie  |b (Houben-Weyl)  |n Band VI/1c  |p Phenole  |n Teilband 2  |c herausgegeben von Eugen Müller ...[et al.] 
250 |a 4. völlig neu gestaltete Aufl. 
260 |a Stuttgart  |b G.Thieme Verlag  |c 1976 
300 |a 670-1366 s.  |b il.  |c 26 cm 
650 0 |a organická chémia 
700 0 |a Müller, Eugen  |d 1905-1976  |4 edt 
910 |a SCHK95 
919 |a 3-13-204204-8 
999 |c 5755  |d 5755